| 000 | 00558nam a2200229Ia 4500 | ||
|---|---|---|---|
| 008 | 160803s9999 xx 000 0 und d | ||
| 020 | _a9780545223249 | ||
| 100 | _aBridwell, Norman | ||
| 245 | _aClifford's best friend / | ||
| 245 | _cNorman Bridwell. | ||
| 260 | _aNew York : | ||
| 260 | _bScholastic Inc. | ||
| 260 | _c2000 | ||
| 300 | _aunnumbered pages : | ||
| 300 | _bcolor illustrations. ; | ||
| 300 | _c23 cm. | ||
| 440 | _aScholastic reader ; | ||
| 440 | _vLevel 1 | ||
| 650 | _aDogs -- | ||
| 650 | _xFiction. | ||
| 700 | _a250 | ||
| 999 |
_c299009 _d299009 |
||